| 000 | 01308cam a2200301 a 4500 | ||
|---|---|---|---|
| 001 | 16873064 | ||
| 005 | 20170105102852.0 | ||
| 008 | 110715s2012 nyua b 001 0 eng | ||
| 010 | _a 2011030100 | ||
| 020 | _a9781441104113 (hbk.) | ||
| 020 | _a1441104119 (hbk.) | ||
| 040 |
_aDLC _cDLC _dDLC |
||
| 042 | _apcc | ||
| 043 | _anc----- | ||
| 050 | 0 | 0 |
_aKG3552 _b.M35 2012 |
| 082 | 0 | 0 |
_a345.728 _223 |
| 100 | 1 | _aMalone, Mary Fran T. | |
| 245 | 1 | 4 |
_aThe rule of law in Central America : _bcitizens' reactions to crime and punishment / _cMary Fran T. Malone. |
| 260 |
_aNew York, NY : _bContinuum International Pub. Group, _c2012. |
||
| 300 |
_axv, 209 p. : _bill. ; _c24 cm. |
||
| 504 | _aIncludes bibliographical references (p. [188]-201) and index. | ||
| 505 | 0 | _aThe rule of law and the challenge of the crime crisis -- National trends in crime and justice -- Public perceptions of crime and justice -- Support for extralegal justice -- Reacting to victimization -- Privatizing security -- Conclusion. | |
| 650 | 0 |
_aRule of law _zCentral America. |
|
| 650 | 0 |
_aCriminal justice, Administration of _zCentral America _xPublic opinion. |
|
| 906 |
_a7 _bcbc _corignew _d1 _eecip _f20 _gy-gencatlg |
||
| 942 |
_2ddc _cBK |
||
| 999 |
_c14316 _d14316 |
||